000 00840cam a22002411i 4500
001 ca 30000257
003 DLC
005 20260227111122.0
008 770627s1928 pl 000 0 pol
010 _aca 30000257
035 _a(OCoLC)3076712
040 _aDLC
_cOT
_dDLC
041 1 _apol
_heng
042 _apremarc
050 0 0 _aPR6005.O4
_bW55
100 1 _aConrad, Joseph,
_d1857-1924.
240 1 0 _aWithin the tides.
_lPolish
245 1 0 _aWśród prądów /
_cprzełożyła Teresa Tatarkiewiczowa.
260 _aWarszawa :
_bDom ksiazki polskiej,
_c1928.
300 _a229 p. ;
_c21 cm.
505 0 _aPlantator z Malaty (The planter of Malata)- Wspólnik (The partner)- Gospoda pod "Dwiema Wiedźmami" (The inn of the two witches)- Z powodu dolarów (Because of the dollars)
700 1 _aTatarkiewiczowa, Teresa,
_d1892-1979.
999 _c16596
_d16596